[Event "ODEM U25B 2011"]
[Site "Oberhof GER"]
[Date "2011.06.14"]
[Round "5"]
[White "Nobis, Philipp"]
[Black "Kempe, Markus"]
[Result "1/2-1/2"]
[Termination "normal"]
[Board "2"]
[WhiteElo "1396"]
[BlackElo "1468"]
[PlyCount "55"]
[WhiteFideId "24602183"]
[BlackFideId "24692638"]
[EventCountry "GER"]
[EventRounds "9"]
[EventType "swiss"]
[EventDate "2011.06.11"]

1. d4 d5 2. c4 e6 3. Nc3 Nf6 4. Nf3 Be7 5. e3 Nbd7 6. Bd3 O-O 7. O-O b6 8. Qc2
Bb7 9. cxd5 exd5 10. b3 Rc8 11. Bb2 h6 12. Rac1 c5 13. Qe2 cxd4 14. Nxd4 Nc5
15. Rc2 Nxd3 16. Qxd3 Bc5 17. Nce2 Bxd4 18. Nxd4 Rxc2 19. Qxc2 Qc8 20. Rc1 Nd7
21. Qxc8 Rxc8 22. Rxc8+ Bxc8 23. Kf1 Kf8 24. Ke2 Nc5 25. Ba3 Ke8 26. Bxc5 bxc5
27. Nb5 Ba6 28. a4 1/2-1/2

[Event "ODEM U25B 2011"]
[Site "Oberhof GER"]
[Date "2011.06.14"]
[Round "5"]
[White "Goujov, Alexander"]
[Black "Herrmann, Heribert"]
[Result "1/2-1/2"]
[Termination "normal"]
[Board "3"]
[WhiteElo "1309"]
[BlackElo "1274"]
[PlyCount "103"]
[BlackFideId "12971715"]
[EventCountry "GER"]
[EventRounds "9"]
[EventType "swiss"]
[EventDate "2011.06.11"]

1. d4 Nf6 2. c4 g6 3. Nc3 Bg7 4. e4 d6 5. Be2 Nbd7 6. Bg5 O-O 7. Qd2 c5 8. d5
a6 9. h4 Ne8 10. g4 Ndf6 11. f3 Nc7 12. Bh6 Rb8 13. Bxg7 Kxg7 14. h5 Rh8 15. a4
e6 16. hxg6 hxg6 17. Rxh8 Qxh8 18. e5 Qh4+ 19. Kd1 dxe5 20. g5 Nd7 21. dxe6
Nxe6 22. Ne4 Nd4 23. Nd6 Nb3 24. Qd5 Qd4+ 25. Qxd4 Nxd4 26. Nh3 Nb6 27. Nf2 Bd7
28. b3 Nxb3 29. Rb1 Bxa4 30. Ke1 Nd7 31. Bd1 Nd4 32. Bxa4 Nxf3+ 33. Ke2 Nd4+
34. Kd3 Nf8 35. Rxb7 Rxb7 36. Nxb7 Nfe6 37. Ne4 Nf3 38. Nbxc5 Nfxg5 39. Nxg5
Nxg5 40. Nxa6 f5 41. c5 Ne6 42. c6 Kf6 43. Bb3 Ke7 44. c7 Nxc7 45. Nxc7 g5 46.
Nd5+ Kf7 47. Ne3+ Kf6 48. Nxf5 Kxf5 49. Ke3 g4 50. Bd5 Kg5 51. Bf3 gxf3 52.
Kxf3 1/2-1/2

[Event "ODEM U25B 2011"]
[Site "Oberhof GER"]
[Date "2011.06.14"]
[Round "5"]
[White "Kololli, Martin"]
[Black "Edel, Fenja"]
[Result "1/2-1/2"]
[Termination "normal"]
[Board "4"]
[WhiteElo "1553"]
[BlackElo "1537"]
[PlyCount "30"]
[WhiteFideId "12936910"]
[BlackFideId "24696749"]
[EventCountry "GER"]
[EventRounds "9"]
[EventType "swiss"]
[EventDate "2011.06.11"]

1. e4 e6 2. d4 d5 3. exd5 exd5 4. Nf3 Bd6 5. Bd3 Nf6 6. Bg5 O-O 7. O-O Bg4 8.
Nbd2 Nbd7 9. c3 c6 10. Qc2 h6 11. Bh4 Qc7 12. Rfe1 Rfe8 13. Bg3 Bxg3 14. fxg3
Rac8 15. Rac1 Bxf3 1/2-1/2

[Event "ODEM U25B 2011"]
[Site "Oberhof GER"]
[Date "2011.06.14"]
[Round "5"]
[White "Oltmanns, Bianca"]
[Black "Mann, Jonas"]
[Result "1-0"]
[Termination "normal"]
[Board "5"]
[WhiteElo "1645"]
[BlackElo "1381"]
[PlyCount "75"]
[WhiteFideId "24698008"]
[BlackFideId "12900214"]
[EventCountry "GER"]
[EventRounds "9"]
[EventType "swiss"]
[EventDate "2011.06.11"]

1. e4 c5 2. Nf3 d6 3. d4 cxd4 4. Nxd4 Nf6 5. Nc3 a6 6. f3 e5 7. Nde2 Be6 8. Bg5
Be7 9. Qd2 Nbd7 10. O-O-O O-O 11. Ng3 b5 12. Nd5 Nxd5 13. Bxe7 Nxe7 14. Qxd6
Ng6 15. Qc6 Qb6 16. Qc3 Rfc8 17. Qd2 Rc6 18. Kb1 Rac8 19. Bd3 a5 20. Ne2 b4 21.
h4 a4 22. h5 Ne7 23. g4 b3 24. cxb3 axb3 25. a3 Nc5 26. Bb5 Nd7 27. Bxc6 Qxc6
28. Rc1 Qa6 29. Rhd1 h6 30. Nc3 Qb7 31. g5 hxg5 32. Qxg5 Re8 33. h6 Ng6 34. Rh1
Nf6 35. hxg7 Kxg7 36. Qh6+ Kg8 37. Rcg1 Qd7 38. Qh8# 1-0

[Event "ODEM U25B 2011"]
[Site "Oberhof GER"]
[Date "2011.06.14"]
[Round "5"]
[White "Martin, Raphael"]
[Black "Eggert, André"]
[Result "1-0"]
[Termination "normal"]
[Board "6"]
[WhiteElo "1431"]
[BlackElo "1517"]
[PlyCount "49"]
[WhiteFideId "12952036"]
[BlackFideId "1270464"]
[EventCountry "GER"]
[EventRounds "9"]
[EventType "swiss"]
[EventDate "2011.06.11"]

1. e4 d5 2. exd5 Qxd5 3. Nc3 Qa5 4. d4 Nf6 5. Bc4 c6 6. Nf3 Bg4 7. h3 Bh5 8. g4
Bg6 9. Bd2 h6 10. Ne5 Nbd7 11. Nxg6 fxg6 12. Qe2 Qc7 13. O-O-O e5 14. dxe5 Ng8
15. Rhe1 O-O-O 16. Bf4 Re8 17. Bf7 Re7 18. Bxg6 Ngf6 19. Bg3 Qa5 20. e6 Nb6 21.
Bf5 Rg8 22. Qd3 Nbd5 23. Nxd5 Qxd5 24. Qa3 Qb5 25. Qxa7 1-0

[Event "ODEM U25B 2011"]
[Site "Oberhof GER"]
[Date "2011.06.14"]
[Round "5"]
[White "Siegl, Adrian"]
[Black "Fischer, Felix"]
[Result "1/2-1/2"]
[Termination "normal"]
[Board "7"]
[WhiteElo "1412"]
[BlackElo "1373"]
[PlyCount "96"]
[WhiteFideId "12930156"]
[EventCountry "GER"]
[EventRounds "9"]
[EventType "swiss"]
[EventDate "2011.06.11"]

1. e4 e5 2. f4 exf4 3. Nf3 d5 4. exd5 Nf6 5. d4 Nxd5 6. Bc4 Be7 7. O-O Nc6 8.
Bxd5 Qxd5 9. Nc3 Qd6 10. Re1 Bg4 11. Nb5 Qd7 12. Bxf4 Rc8 13. Qd2 a6 14. Nxc7+
Rxc7 15. Bxc7 Qxc7 16. d5 Bxf3 17. gxf3 Ne5 18. Kg2 O-O 19. Qc3 Qxc3 20. bxc3
Bf6 21. Rab1 b5 22. d6 Rd8 23. Rbd1 h6 24. f4 Nc4 25. d7 Kf8 26. Rd3 Nb6 27.
Red1 Nc4 28. Re1 Be7 29. Kh3 Bd6 30. Re4 Rxd7 31. Kg4 g6 32. f5 Rc7 33. f6 Rc8
34. Rd5 Bxh2 35. Red4 Ne3+ 36. Kh3 Nxd5 37. Rxd5 Bf4 38. Kg4 Bg5 39. Rd6 Ke8
40. Rxa6 Rc4+ 41. Kg3 Rxc3+ 42. Kg4 Rxc2 43. a3 Rc4+ 44. Kg3 b4 45. Ra7 Rc3+
46. Kg4 bxa3 47. Re7+ Kf8 48. Re8+ Kxe8 1/2-1/2

[Event "ODEM U25B 2011"]
[Site "Oberhof GER"]
[Date "2011.06.14"]
[Round "5"]
[White "Schumann, Rabea"]
[Black "Oberhofer, Cédric"]
[Result "1/2-1/2"]
[Termination "normal"]
[Board "8"]
[WhiteElo "1388"]
[BlackElo "1409"]
[PlyCount "41"]
[WhiteFideId "12918199"]
[BlackFideId "12941220"]
[EventCountry "GER"]
[EventRounds "9"]
[EventType "swiss"]
[EventDate "2011.06.11"]

1. e4 c5 2. Nf3 d6 3. Bb5+ Bd7 4. Bxd7+ Qxd7 5. O-O Nc6 6. Nc3 g6 7. d3 Bg7 8.
Be3 Nf6 9. Qd2 O-O 10. Rfe1 Rac8 11. Rad1 Rfd8 12. d4 cxd4 13. Nxd4 Ne5 14. b3
a6 15. h3 Qc7 16. Nd5 Nxd5 17. exd5 Qc3 18. Qxc3 Rxc3 19. Bd2 Rcc8 20. Be3 Kf8
21. f4 1/2-1/2

[Event "ODEM U25B 2011"]
[Site "Oberhof GER"]
[Date "2011.06.14"]
[Round "5"]
[White "Wolf, Sascha"]
[Black "Wolfer, Joshua"]
[Result "0-1"]
[Termination "normal"]
[Board "9"]
[WhiteElo "1358"]
[BlackElo "1550"]
[PlyCount "66"]
[BlackFideId "12945668"]
[EventCountry "GER"]
[EventRounds "9"]
[EventType "swiss"]
[EventDate "2011.06.11"]

1. g3 e5 2. Bg2 d5 3. d3 Nf6 4. Nc3 Bb4 5. a3 Ba5 6. b4 Bb6 7. Bb2 Be6 8. Na4
Qd6 9. Nxb6 axb6 10. Nf3 Nbd7 11. Nd2 c6 12. c4 d4 13. Nb3 Bf5 14. Qc2 O-O 15.
Bc1 Rfe8 16. O-O e4 17. Bf4 exd3 18. exd3 Ne5 19. Rfe1 g5 20. c5 bxc5 21. bxc5
Qc7 22. Bxe5 Rxe5 23. Nxd4 Bg6 24. Nb3 Rxa3 25. Rxa3 Rxe1+ 26. Bf1 Qd7 27. Qc3
Qe6 28. Nd2 Kg7 29. Ne4 Rd1 30. Qc2 Bh5 31. Qc3 Be2 32. Nd2 Bxf1 33. Nxf1 Qh3
0-1

[Event "ODEM U25B 2011"]
[Site "Oberhof GER"]
[Date "2011.06.14"]
[Round "5"]
[White "Müller, Philipp"]
[Black "Sommer, Konstantin"]
[Result "1/2-1/2"]
[Termination "normal"]
[Board "10"]
[WhiteElo "1328"]
[BlackElo "1502"]
[PlyCount "40"]
[BlackFideId "12926213"]
[EventCountry "GER"]
[EventRounds "9"]
[EventType "swiss"]
[EventDate "2011.06.11"]

1. e4 c6 2. d4 d5 3. e5 Bf5 4. Bd3 Bxd3 5. Qxd3 e6 6. Nf3 Qb6 7. Nc3 c5 8. Qb5+
Nd7 9. Qxb6 Nxb6 10. Ne2 Rc8 11. O-O Ne7 12. c3 Nf5 13. Rd1 c4 14. Bf4 h6 15.
h3 Rc6 16. Rdc1 Be7 17. Bd2 O-O 18. Rab1 Rb8 19. g3 Nd7 20. b3 Nb6 1/2-1/2

[Event "ODEM U25B 2011"]
[Site "Oberhof GER"]
[Date "2011.06.14"]
[Round "5"]
[White "Grimm, Tobias"]
[Black "Rößler, Linus Benedict"]
[Result "0-1"]
[Termination "normal"]
[Board "11"]
[WhiteElo "1439"]
[BlackElo "1523"]
[PlyCount "76"]
[BlackFideId "12921076"]
[EventCountry "GER"]
[EventRounds "9"]
[EventType "swiss"]
[EventDate "2011.06.11"]

1. d4 d5 2. Bf4 Nf6 3. e3 e6 4. Bd3 Be7 5. h3 O-O 6. Nf3 b6 7. c3 c5 8. Nbd2
Nc6 9. Ne5 Bb7 10. Ndf3 Rc8 11. g4 cxd4 12. cxd4 Bb4+ 13. Kf1 Nxe5 14. dxe5 Nd7
15. Bxh7+ Kxh7 16. Qd3+ g6 17. Ng5+ Kg7 18. h4 d4 19. Rh2 dxe3 20. Qxe3 Rh8 21.
h5 Nf8 22. h6+ Kg8 23. h7+ Nxh7 24. Nxh7 Rxh7 25. Rxh7 Kxh7 26. Bg5 Be7 27.
Bxe7 Qxe7 28. f3 Kg7 29. Kg2 Rh8 30. g5 Rh5 31. Rh1 Qxg5+ 32. Qxg5 Rxg5+ 33.
Kf2 Rxe5 34. Rh4 Rc5 35. Kg3 Rf5 36. f4 e5 37. fxe5 Rxe5 38. Ra4 Ra5 0-1

[Event "ODEM U25B 2011"]
[Site "Oberhof GER"]
[Date "2011.06.14"]
[Round "5"]
[White "Alt, Elisabeth"]
[Black "Resch, Andreas"]
[Result "1/2-1/2"]
[Termination "normal"]
[Board "13"]
[WhiteElo "1402"]
[BlackElo "1351"]
[PlyCount "36"]
[WhiteFideId "24692620"]
[EventCountry "GER"]
[EventRounds "9"]
[EventType "swiss"]
[EventDate "2011.06.11"]

1. e4 c6 2. d4 d5 3. exd5 cxd5 4. Nf3 Bf5 5. Bb5+ Nc6 6. O-O e6 7. Ne5 Qb6 8.
Nc3 Bd6 9. Re1 Nge7 10. Bf4 Bxe5 11. dxe5 O-O 12. Bxc6 bxc6 13. Bg5 Ng6 14. g4
Be4 15. Be3 Qxb2 16. Nxe4 dxe4 17. Bd4 Qa3 18. Rxe4 Rfd8 1/2-1/2

[Event "ODEM U25B 2011"]
[Site "Oberhof GER"]
[Date "2011.06.14"]
[Round "5"]
[White "Hoppe, Andreas"]
[Black "Titgemeyer, Eva Maria"]
[Result "1-0"]
[Termination "normal"]
[Board "14"]
[WhiteElo "1307"]
[BlackElo "1361"]
[PlyCount "73"]
[WhiteFideId "12922811"]
[BlackFideId "24655350"]
[EventCountry "GER"]
[EventRounds "9"]
[EventType "swiss"]
[EventDate "2011.06.11"]

1. d4 d5 2. Bf4 Nf6 3. f3 e6 4. Nc3 Bb4 5. Qd2 O-O 6. O-O-O Nbd7 7. g4 c5 8. e3
Qb6 9. Nge2 Qc6 10. h4 b5 11. h5 a5 12. g5 Ne8 13. g6 h6 14. gxf7+ Rxf7 15. Rg1
Kh8 16. Qd3 Rf6 17. Rg6 c4 18. Qd2 Rxg6 19. hxg6 Bxc3 20. Nxc3 b4 21. Nb1 c3
22. bxc3 Qa4 23. Qh2 Nef6 24. Bd3 bxc3 25. Nxc3 Qa3+ 26. Kd2 Qf8 27. Rg1 Qd8
28. Bxh6 gxh6 29. Qxh6+ Kg8 30. Rh1 Ne4+ 31. Bxe4 Qf6 32. Qh7+ Kf8 33. Qh8+
Qxh8 34. Rxh8+ Kg7 35. Rh7+ Kg8 36. Nxd5 exd5 37. Bxd5+ 1-0

[Event "ODEM U25B 2011"]
[Site "Oberhof GER"]
[Date "2011.06.14"]
[Round "5"]
[White "Fabiunke, Jakob"]
[Black "Denkert, Robert"]
[Result "1/2-1/2"]
[Termination "normal"]
[Board "15"]
[WhiteElo "1344"]
[BlackElo "1220"]
[PlyCount "43"]
[WhiteFideId "24686085"]
[BlackFideId "12957216"]
[EventCountry "GER"]
[EventRounds "9"]
[EventType "swiss"]
[EventDate "2011.06.11"]

1. d4 Nf6 2. c4 c5 3. d5 b5 4. cxb5 a6 5. bxa6 Bxa6 6. Nc3 d6 7. Nf3 g6 8. g3
Bg7 9. Bg2 O-O 10. O-O Nbd7 11. Re1 Qb6 12. Rb1 Rfb8 13. e4 Ng4 14. Bf4 Nde5
15. Nxe5 Nxe5 16. Bxe5 Bxe5 17. Qc2 Qb4 18. Rec1 Qd4 19. Rd1 Qb4 20. Rdc1 Qd4
21. Rd1 Qb4 22. Rdc1 1/2-1/2

[Event "ODEM U25B 2011"]
[Site "Oberhof GER"]
[Date "2011.06.14"]
[Round "5"]
[White "Klinge, Sabina"]
[Black "Hartewig, Anja"]
[Result "0-1"]
[Termination "normal"]
[Board "16"]
[WhiteElo "1101"]
[BlackElo "1539"]
[PlyCount "114"]
[WhiteFideId "12949590"]
[BlackFideId "12917966"]
[EventCountry "GER"]
[EventRounds "9"]
[EventType "swiss"]
[EventDate "2011.06.11"]

1. e4 d6 2. d4 Nf6 3. Nc3 g6 4. Nf3 Bg7 5. Be2 c6 6. O-O b5 7. a3 O-O 8. Bg5 a6
9. Qd2 Nbd7 10. e5 dxe5 11. dxe5 Ng4 12. e6 Nb6 13. exf7+ Kxf7 14. Qxd8 Rxd8
15. Be3 Nxe3 16. fxe3 Kg8 17. Rf2 Bf5 18. e4 Bxc3 19. exf5 Bxb2 20. Ra2 Bf6 21.
fxg6 hxg6 22. Kh1 Nd5 23. c4 Nc3 24. Rc2 Nxe2 25. Rfxe2 Rd1+ 26. Re1 Rxe1+ 27.
Nxe1 Rd8 28. Kg1 Rd1 29. Kf2 Ra1 30. cxb5 cxb5 31. Rc8+ Kf7 32. Nc2 Ra2 33. Ke3
Bb2 34. Ra8 Bxa3 35. Nxa3 Rxa3+ 36. Kf4 b4 37. Ke4 Ra2 38. Kd3 Rxg2 39. Rxa6
Rxh2 40. Rb6 b3 41. Kc3 b2 42. Kd3 e6 43. Rb7+ Kf6 44. Ke4 g5 45. Rb8 Rh4+ 46.
Ke3 Kf5 47. Rxb2 Rh3+ 48. Kd4 e5+ 49. Kd5 Rd3+ 50. Kc4 e4 51. Rb5+ Kf4 52. Rb8
Kg3 53. Re8 Re3 54. Kd4 Re1 55. Rg8 g4 56. Rg7 Kf3 57. Rf7+ Kg2 0-1

[Event "ODEM U25B 2011"]
[Site "Oberhof GER"]
[Date "2011.06.14"]
[Round "5"]
[White "Bauer, David"]
[Black "Hoppe, Michael"]
[Result "1/2-1/2"]
[Termination "normal"]
[Board "17"]
[WhiteElo "1531"]
[BlackElo "1098"]
[PlyCount "47"]
[WhiteFideId "12913197"]
[BlackFideId "12928747"]
[EventCountry "GER"]
[EventRounds "9"]
[EventType "swiss"]
[EventDate "2011.06.11"]

1. e4 d5 2. exd5 Qxd5 3. Nc3 Qa5 4. d4 Nf6 5. Nf3 Bg4 6. Be2 Nc6 7. h3 Bh5 8.
g4 Bg6 9. Bd2 Nb4 10. Bb5+ c6 11. Ba4 Qc7 12. Ne2 e6 13. Bf4 Bd6 14. Bxd6 Qxd6
15. Ne5 O-O-O 16. c3 Nbd5 17. Bc2 Qc7 18. Bd3 Nd7 19. Nf3 f5 20. Nh4 fxg4 21.
Nxg6 hxg6 22. Bxg6 Rxh3 23. Rxh3 gxh3 24. Ng3 1/2-1/2

[Event "ODEM U25B 2011"]
[Site "Oberhof GER"]
[Date "2011.06.14"]
[Round "5"]
[White "Morio, Estelle"]
[Black "Eue, Vicky"]
[Result "1-0"]
[Termination "normal"]
[Board "20"]
[WhiteElo "1012"]
[BlackElo "1296"]
[PlyCount "81"]
[WhiteFideId "12951951"]
[BlackFideId "12945838"]
[EventCountry "GER"]
[EventRounds "9"]
[EventType "swiss"]
[EventDate "2011.06.11"]

1. f4 Nf6 2. Nf3 e6 3. e3 d5 4. Be2 Bd6 5. O-O O-O 6. b3 Nc6 7. Bb2 Re8 8. Ne5
Bxe5 9. fxe5 Nd7 10. d4 a6 11. Nd2 f6 12. exf6 Nxf6 13. Qe1 Rf8 14. c4 Ne7 15.
Ba3 Rf7 16. Nf3 Ne4 17. Bd3 Nc6 18. Bxe4 dxe4 19. Nd2 b5 20. Nxe4 b4 21. Bb2
Bd7 22. Nc5 Qe7 23. Nxd7 Qxd7 24. Rxf7 Qxf7 25. Qg3 Rd8 26. Rf1 Qe7 27. Rd1 g6
28. e4 a5 29. d5 exd5 30. exd5 Qe2 31. Rb1 Qc2 32. Qe1 Ne7 33. Qe6+ Kf8 34.
Rf1+ Ke8 35. Bf6 Rd7 36. Re1 Kd8 37. Bxe7+ Kc8 38. Qa6+ Kb8 39. Bg5 c6 40. Bf4+
Rc7 41. Re8# 1-0

[Event "ODEM U25B 2011"]
[Site "Oberhof GER"]
[Date "2011.06.14"]
[Round "5"]
[White "Cejda, Moritz"]
[Black "Polert, Jesper"]
[Result "1-0"]
[Termination "normal"]
[Board "23"]
[WhiteElo "1179"]
[BlackElo "809"]
[PlyCount "82"]
[WhiteFideId "12925152"]
[EventCountry "GER"]
[EventRounds "9"]
[EventType "swiss"]
[EventDate "2011.06.11"]

1. e4 c5 2. Nc3 d6 3. Bc4 Nf6 4. Nf3 g6 5. e5 dxe5 6. Nxe5 Bg7 7. Nxf7 Qd4 8.
d3 Rf8 9. Be3 Bg4 10. Bxd4 Bxd1 11. Bxc5 Bh5 12. f3 g5 13. Nxg5 Bf7 14. Bxf7+
Rxf7 15. Nxf7 Kxf7 16. O-O Nc6 17. Rae1 Re8 18. b4 a6 19. b5 axb5 20. Nxb5 Bf8
21. Nc7 Rc8 22. Ne6 Bh6 23. g4 Bd2 24. Re2 Bc3 25. Ng5+ Ke8 26. Rb1 Rb8 27. Rb3
Bd4+ 28. Bxd4 Nxd4 29. Re5 Nxb3 30. axb3 Rc8 31. Re2 Rc6 32. Ne4 Nd5 33. c4 Nf4
34. Re3 Ra6 35. Nc5 Rb6 36. d4 Kf7 37. Kf2 Nh3+ 38. Kg3 Ng5 39. Re5 Ne6 40.
Rxe6 Rxe6 41. Nxe6 Kxe6 1-0

[Event "ODEM U25B 2011"]
[Site "Oberhof GER"]
[Date "2011.06.14"]
[Round "5"]
[White "ter Stal, Esther"]
[Black "Michalowski, Melina"]
[Result "1-0"]
[Termination "normal"]
[Board "25"]
[WhiteElo "847"]
[BlackElo "1184"]
[PlyCount "109"]
[WhiteFideId "12944467"]
[BlackFideId "12902462"]
[EventCountry "GER"]
[EventRounds "9"]
[EventType "swiss"]
[EventDate "2011.06.11"]

1. d4 c6 2. Nf3 d5 3. e3 Bg4 4. h3 Bf5 5. c4 e6 6. Qb3 Qc7 7. Nbd2 Nd7 8. Be2
Ngf6 9. O-O Be7 10. c5 O-O 11. Re1 e5 12. Nf1 exd4 13. exd4 Ne4 14. Bd3 Be6 15.
Qc2 Ndf6 16. N3d2 Bf5 17. Nf3 Bg6 18. Ne5 Nd7 19. Bf4 Bf6 20. Nxg6 Qd8 21. Nxf8
Qxf8 22. Bxe4 dxe4 23. Qxe4 Qd8 24. Bd6 g6 25. Be7 Bxe7 26. Qxe7 Qxe7 27. Rxe7
Nf6 28. Rae1 b6 29. cxb6 axb6 30. a3 Nd5 31. Re8+ Rxe8 32. Rxe8+ Kg7 33. Rc8
Ne7 34. Rc7 Nf5 35. Rxc6 Nxd4 36. Rxb6 Nc2 37. a4 Kf8 38. a5 Nd4 39. a6 Ne6 40.
Rxe6 fxe6 41. a7 Kf7 42. a8=Q Kf6 43. Qh8+ Kf5 44. Qxh7 e5 45. b4 Ke4 46. Qxg6+
Kd4 47. b5 Kc5 48. b6 e4 49. b7 e3 50. fxe3 Kd5 51. b8=R Kc4 52. Qd6 Kc3 53.
Rc8+ Kb3 54. Qb6+ Ka4 55. Ra8# 1-0

[Event "ODEM U25B 2011"]
[Site "Oberhof GER"]
[Date "2011.06.14"]
[Round "5"]
[White "Reimann, Matthias"]
[Black "Weber, Yannik"]
[Result "1/2-1/2"]
[Termination "normal"]
[Board "26"]
[WhiteElo "1541"]
[BlackElo "1542"]
[PlyCount "116"]
[WhiteFideId "12928046"]
[BlackFideId "24692700"]
[EventCountry "GER"]
[EventRounds "9"]
[EventType "swiss"]
[EventDate "2011.06.11"]

1. c4 e6 2. Nc3 Nf6 3. Nf3 d5 4. cxd5 exd5 5. d4 Bf5 6. g3 Bb4 7. Qb3 Nc6 8. a3
Bxc3+ 9. Qxc3 O-O 10. Bg2 Re8 11. e3 Qd7 12. O-O Re6 13. Ng5 Rd6 14. Qb3 Rb8
15. Re1 h6 16. Nf3 Bh3 17. Ne5 Qc8 18. Nxc6 bxc6 19. Qc2 Bxg2 20. Kxg2 Ne4 21.
h4 Rf6 22. f3 Nd6 23. Rb1 Nf5 24. h5 g6 25. Rh1 Ng7 26. hxg6 Rxg6 27. e4 dxe4
28. Qxe4 Re6 29. Qd3 Qe8 30. Kf2 h5 31. Bf4 Rd8 32. Rbe1 c5 33. d5 Rxe1 34.
Rxe1 Qd7 35. Rc1 Qh3 36. Rg1 Qd7 37. g4 Qxd5 38. Qxd5 Rxd5 39. gxh5 Rxh5 40.
Bxc7 Kh7 41. Rg4 Rd5 42. Ba5 Ne6 43. Bc3 Nd4 44. Bxd4 Rxd4 45. Rxd4 cxd4 46.
Ke2 Kg6 47. b4 Kf5 48. a4 Ke5 49. Kd3 Kd5 50. b5 Kc5 51. f4 f5 52. a5 Kxb5 53.
Kxd4 Kxa5 54. Ke5 Kb5 55. Kxf5 a5 56. Kg6 a4 57. f5 a3 58. f6 a2 1/2-1/2

[Event "ODEM U25B 2011"]
[Site "Oberhof GER"]
[Date "2011.06.14"]
[Round "5"]
[White "Jansen, Nina"]
[Black "Hoffmann, Rasmus"]
[Result "1/2-1/2"]
[Termination "normal"]
[Board "28"]
[WhiteElo "1478"]
[BlackElo "990"]
[PlyCount "101"]
[WhiteFideId "12934500"]
[EventCountry "GER"]
[EventRounds "9"]
[EventType "swiss"]
[EventDate "2011.06.11"]

1. e4 c5 2. Nf3 d6 3. h3 Nc6 4. Bc4 e6 5. Nc3 Nge7 6. d3 g6 7. Ne2 Bg7 8. c3
O-O 9. d4 cxd4 10. Nexd4 a6 11. a4 Ne5 12. Be2 Rb8 13. O-O Qc7 14. Bf4 Nxf3+
15. Nxf3 e5 16. Be3 Bd7 17. Qd2 b5 18. axb5 axb5 19. Bh6 Rb7 20. b4 Rc8 21.
Bxg7 Kxg7 22. Rfc1 f5 23. Bd3 Rf8 24. exf5 Nxf5 25. c4 Qb8 26. Be4 Rc7 27. Ra8
Qb6 28. Rxf8 Kxf8 29. cxb5 Rxc1+ 30. Qxc1 Qxb5 31. Qc7 Ke7 32. Qa5 Ke6 33. Ng5+
Ke7 34. Nxh7 Bc6 35. Qc7+ Bd7 36. Qa5 Bc6 37. Bxc6 Qxc6 38. Qa7+ Qd7 39. Qa6
Nd4 40. Qd3 Qf5 41. Qa3 Ke6 42. Qa2+ Kd7 43. Qa4+ Kc7 44. Qa5+ Kc6 45. Qa6+ Kd5
46. Qa2+ Kc6 47. Qc4+ Kb6 48. h4 Kb7 49. Ng5 Kb6 50. Qa2 Kb5 51. Qa5+ 1/2-1/2

[Event "ODEM U25B 2011"]
[Site "Oberhof GER"]
[Date "2011.06.14"]
[Round "5"]
[White "Binner, Pascal"]
[Black "Scholz, Richard"]
[Result "0-1"]
[Termination "normal"]
[Board "29"]
[WhiteElo "975"]
[BlackElo "1097"]
[PlyCount "90"]
[WhiteFideId "12949914"]
[EventCountry "GER"]
[EventRounds "9"]
[EventType "swiss"]
[EventDate "2011.06.11"]

1. e4 e5 2. Nc3 Nf6 3. Bc4 Bc5 4. d3 c6 5. Bg5 d6 6. Nf3 h6 7. Bxf6 Qxf6 8. O-O
Bg4 9. Kh1 Nd7 10. h3 h5 11. Qe2 a5 12. a4 g5 13. Nd1 Be6 14. Bxe6 fxe6 15. Nh2
Qg6 16. g3 g4 17. h4 d5 18. Nc3 d4 19. Na2 Nb6 20. Nc1 Bb4 21. Nb3 c5 22. Nd2
Bxd2 23. Qxd2 c4 24. Rfc1 O-O 25. Rf1 Rf6 26. f3 gxf3 27. Qg5 cxd3 28. cxd3 Nd7
29. Nxf3 Qxg5 30. Nxg5 Rxf1+ 31. Rxf1 Nc5 32. Rf6 Nxd3 33. Nxe6 Ra6 34. Rf8+
Kh7 35. Ng5+ Kg7 36. Rf7+ Kg6 37. Rxb7 Rd6 38. Rb5 Ne1 39. Rxe5 d3 40. Rd5 Rxd5
41. exd5 d2 42. Nh3 d1=Q 43. Nf4+ Kf5 44. Kg1 Nd3+ 45. Kg2 Qd2+ 0-1

[Event "ODEM U25B 2011"]
[Site "Oberhof GER"]
[Date "2011.06.14"]
[Round "5"]
[White "Granzin, David"]
[Black "Bruns, Tim-Sebastian"]
[Result "1-0"]
[Termination "normal"]
[Board "30"]
[WhiteElo "975"]
[BlackElo "1075"]
[PlyCount "47"]
[WhiteFideId "12922145"]
[EventCountry "GER"]
[EventRounds "9"]
[EventType "swiss"]
[EventDate "2011.06.11"]

1. e4 e5 2. Nf3 Nc6 3. d4 exd4 4. Nxd4 Nf6 5. Nc3 Bb4 6. Nxc6 bxc6 7. Bd3 d5 8.
Bg5 h6 9. Bh4 Qd6 10. O-O dxe4 11. Nxe4 Nxe4 12. Bxe4 Bd7 13. Bg3 Qd2 14. Qxd2
Bxd2 15. Bxc7 O-O 16. Rad1 Rac8 17. Bg3 Rce8 18. Bf3 Re1 19. Rfxe1 Bxe1 20.
Rxe1 c5 21. Re7 Rd8 22. h3 Kf8 23. Bd6 Kg8 24. Bc7 1-0

[Event "ODEM U25B 2011"]
[Site "Oberhof GER"]
[Date "2011.06.14"]
[Round "5"]
[White "Möller, Jared William"]
[Black "Holle, Niklas"]
[Result "1-0"]
[Termination "normal"]
[Board "31"]
[WhiteElo "893"]
[BlackElo "1060"]
[PlyCount "107"]
[EventCountry "GER"]
[EventRounds "9"]
[EventType "swiss"]
[EventDate "2011.06.11"]

1. e4 e6 2. Nf3 d5 3. exd5 exd5 4. Qe2+ Be6 5. d4 Bd6 6. Ng5 Qd7 7. Nxe6 fxe6
8. Nc3 Nc6 9. Bg5 Nxd4 10. Qd2 Nf5 11. Bd3 Nge7 12. O-O-O O-O-O 13. Nb5 Bc5 14.
Qc3 Bxf2 15. Bf4 Be3+ 16. Bxe3 Nxe3 17. Rdg1 Ng4 18. h3 Nf6 19. Nxa7+ Kb8 20.
Qa3 Nf5 21. Nb5 Qf7 22. Qa7+ Kc8 23. Qa8+ Kd7 24. Qxb7 Ke7 25. Bxf5 exf5 26.
Qxc7+ Ke8 27. Re1+ Ne4 28. Nd6+ Rxd6 29. Qxd6 Qd7 30. Qe5+ Qe7 31. Qxf5 Qd6 32.
Qc8+ Qd8 33. Qe6+ Kf8 34. Rxe4 dxe4 35. Rf1+ Qf6 36. Rxf6+ gxf6 37. Qxf6+ Kg8
38. Qxh8+ Kxh8 39. a4 Kg8 40. a5 e3 41. a6 e2 42. Kd2 Kf7 43. a7 Ke6 44. a8=Q
Ke5 45. Qe8+ Kd5 46. Kxe2 Kd4 47. c4 Kxc4 48. b4 Kxb4 49. Qc6 Kb3 50. Kd3 Kb4
51. Qc4+ Ka5 52. Qb3 h6 53. Kc4 h5 54. Qb5# 1-0

[Event "ODEM U25B 2011"]
[Site "Oberhof GER"]
[Date "2011.06.14"]
[Round "5"]
[White "Binner, Jule"]
[Black "Eggert, Daniela"]
[Result "1-0"]
[Termination "normal"]
[Board "32"]
[WhiteElo "831"]
[BlackElo "1041"]
[PlyCount "117"]
[WhiteFideId "16205332"]
[BlackFideId "12991490"]
[EventCountry "GER"]
[EventRounds "9"]
[EventType "swiss"]
[EventDate "2011.06.11"]

1. e4 e5 2. f4 Nc6 3. Nf3 exf4 4. Bc4 Nf6 5. Nc3 Bb4 6. d3 Bxc3+ 7. bxc3 O-O 8.
O-O d6 9. Bxf4 Bg4 10. h3 Bh5 11. Qe1 Bxf3 12. Rxf3 Ne5 13. Rf1 c6 14. Qg3 Nh5
15. Qf2 Nxc4 16. dxc4 d5 17. cxd5 cxd5 18. Qe2 Re8 19. Qxh5 Rxe4 20. Rae1 Qb6+
21. Kh2 Rxe1 22. Rxe1 Qf2 23. Bg3 Qxc2 24. Rf1 Rf8 25. Bd6 g6 26. Qf3 Qe4 27.
Bxf8 Qxf3 28. Rxf3 Kxf8 29. Rd3 Ke7 30. Rxd5 Ke6 31. Rb5 b6 32. a4 Kd6 33. c4
Kc6 34. a5 f5 35. axb6 axb6 36. Kg3 Kd6 37. Rxb6+ Kc5 38. Rb7 Kxc4 39. Rxh7 Kd5
40. Kf4 Ke6 41. Kg5 Ke5 42. Kxg6 Kf4 43. Rg7 Kg3 44. Kxf5+ Kh4 45. Rg4+ Kh5 46.
Rd4 Kh6 47. g4 Kh7 48. g5 Kg7 49. Rg4 Kf7 50. h4 Kg7 51. Rg3 Kf7 52. h5 Kg7 53.
h6+ Kh7 54. g6+ Kg8 55. h7+ Kg7 56. Rg1 Kh8 57. g7+ Kxh7 58. g8=Q+ Kh6 59. Qh8#
1-0